[Event "AUTO-OPEN-1105"]
[Site "http://www.queenalice.com/game.php?id=505567"]
[Date "2008.12.10"]
[Round "3"]
[White "Macuei"]
[Black "cunha"]
[Result "1/2-1/2"]
[WhiteElo "2407"]
[BlackElo "2434"]

1. d4 Nf6 2. Nf3 d5 3. Nc3 e6 4. Bg5 Bb4 5. e3 h6 6. Bxf6 Qxf6 7. Qd2 Nd7 8. Be2
c5 9. O-O O-O 10. a3 cxd4 11. axb4 dxc3 12. bxc3 Nb6 13. Qd4 Qxd4 14. Nxd4 Bd7
15. Nb3 a6 16. Nc5 Bc6 17. Rfd1 Rac8 18. Rd4 Rfd8 19. Rdd1 Kf8 20. Ra3 Nc4 21.
Raa1 Nd6 22. Bd3 1/2-1/2

[Event "AUTO-OPEN-1105"]
[Site "http://www.queenalice.com/game.php?id=505568"]
[Date "2008.12.10"]
[Round "3"]
[White "cunha"]
[Black "Macuei"]
[Result "1-0"]
[WhiteElo "2435"]
[BlackElo "2411"]

1. e4 e5 2. Nf3 Nc6 3. Bb5 a6 4. Ba4 b5 5. Bb3 Na5 6. O-O d6 7. d4 f6 8. Bxg8
Rxg8 9. Nc3 c6 10. Qd3 Be7 11. d5 c5 12. Ne1 Rf8 13. f4 Kf7 14. f5 Bd7 15. Nd1
Qc7 16. Qh3 Kg8 17. Rf3 Rab8 18. Qh4 Be8 19. Rh3 h5 20. Nf3 Bf7 21. Qg3 Be8 22.
Nh4 Qd8 23. Ng6 Kf7 24. Qh4 Rg8 25. Qxh5 Bf8 26. Nf2 Nc4 27. Ng4 b4 28. Bg5 Nd2
29. Qh7 Bb5 30. Bxf6 1-0

[Event "Amigos do Macuei"]
[Site "http://www.queenalice.com/game.php?id=508658"]
[Date "2008.12.16"]
[Round "4"]
[White "Macuei"]
[Black "HelderNanques"]
[Result "1-0"]
[WhiteElo "2408"]
[BlackElo "2142"]

1. e4 d5 2. exd5 Qxd5 3. Nc3 Qa5 4. d4 Nf6 5. Nf3 Bf5 6. Ne5 c6 7. Bc4 e6 8. g4
Be4 9. O-O Bd5 10. g5 Nfd7 11. Bd3 Bb4 12. Nxd5 cxd5 13. Bf4 Qb6 14. c3 Be7 15.
Nxd7 Nxd7 16. Qb3 Rc8 17. Rfe1 Qxb3 18. axb3 a6 19. b4 O-O 20. b5 axb5 21. Ra7
e5 22. dxe5 Nc5 23. Bxb5 Ne4 24. Rxb7 Bxg5 25. Rxe4 dxe4 26. Bxg5 Rb8 27. Rxb8
Rxb8 28. c4 1-0

[Event "KINGDOM BATTLE"]
[Site "http://www.queenalice.com/game.php?id=514045"]
[Date "2008.12.29"]
[Round "4"]
[White "crubiov"]
[Black "Macuei"]
[Result "1-0"]
[WhiteElo "2427"]
[BlackElo "2391"]

1. e4 c5 2. Nf3 Nc6 3. d4 cxd4 4. Nxd4 Nxd4 5. Qxd4 Nf6 6. e5 Ng8 7. Nc3 e6 8.
Ne4 f6 9. Nd6+ Bxd6 10. exd6 Qa5+ 11. Bd2 Qe5+ 12. Qxe5 fxe5 13. Bc3 Nf6 14.
Bxe5 O-O 15. f3 Nd5 16. Kd2 1-0

[Event "Desafio 01"]
[Site "http://www.queenalice.com/game.php?id=526844"]
[Date "2009.1.21"]
[Round "-"]
[White "Macuei"]
[Black "Papachibe"]
[Result "1/2-1/2"]
[WhiteElo "2411"]
[BlackElo "1988"]

1. d4 Nf6 2. Nf3 e6 3. e4 Nxe4 4. Bd3 d5 5. O-O f5 6. Ne5 Nf6 7. Re1 Bd6 8. Bxf5
O-O 9. Bh3 c6 10. Nc3 Bb4 11. Bd2 Bxc3 12. Bxc3 Ne4 13. Re2 Qh4 14. Be1 Ng5 15.
Bg4 Qh6 16. Bb4 Re8 17. Qc1 Qf6 18. Bh5 g6 19. Ng4 Qd8 20. Re5 Nf7 21. Nh6+ Nxh6
22. Qxh6 Qf6 23. Re3 Qg7 24. Qxg7+ Kxg7 25. Bf3 Nd7 26. Bd6 Nf6 27. Rae1 Bd7 28.
Be2 b5 29. Be5 Rf8 30. Rf3 Rf7 31. c3 Raf8 32. Bd3 Kg8 33. Bd6 Re8 34. Rg3 Kg7
35. Bc2 a5 36. Bd3 Bc8 37. Be5 Ref8 38. Bc2 Kg8 39. f3 Nh5 40. Rg4 Ng7 41. Bb1
Nf5 42. h4 Ng7 43. Bd6 Rd8 1/2-1/2

[Event "Desafio 02"]
[Site "http://www.queenalice.com/game.php?id=526846"]
[Date "2009.1.21"]
[Round "-"]
[White "Papachibe"]
[Black "Macuei"]
[Result "0-1"]
[WhiteElo "1991"]
[BlackElo "2410"]

1. e4 c6 2. d4 d5 3. exd5 Qxd5 4. Nf3 Bg4 5. Be2 Nf6 6. Nc3 Qd6 7. O-O h6 8. h3
Bxh3 9. gxh3 g5 10. Ne5 Nbd7 11. Ng4 O-O-O 12. Qd3 Nxg4 13. Bxg4 e6 14. Ne4 Qc7
15. f4 f5 16. Bxf5 exf5 17. Nc3 Bg7 18. Be3 Rhf8 19. Ne2 Nc5 20. Qa3 Ne6 21.
Rad1 gxf4 22. Bxf4 Nxf4 23. Nxf4 Bxd4+ 24. Rxd4 Qg7+ 25. Kh1 Qxd4 26. Qf3 Qe4
27. Ng6 Rd1 28. Kh2 Rd2+ 29. Kh1 Qxf3+ 30. Rxf3 Re8 31. Rf1 Rxc2 0-1

[Event "Desafio 01"]
[Site "http://www.queenalice.com/game.php?id=541616"]
[Date "2009.2.16"]
[Round "-"]
[White "Macuei"]
[Black "mauricio_sm"]
[Result "1-0"]
[WhiteElo "2409"]
[BlackElo "1818"]

1. d4 d5 2. c4 c6 3. Nc3 Nf6 4. Nf3 e6 5. Bg5 Bb4 6. Qb3 Bxc3+ 7. Qxc3 Nbd7 8.
O-O-O O-O 9. Ne5 h6 10. Bxh6 gxh6 11. Qg3+ Kh7 12. Rd3 Rg8 13. Qh4 Rg7 14. Rf3
Qa5 15. a3 Ne4 16. b4 Qc7 17. Nxf7 Ndf6 18. Qxh6+ 1-0

[Event "Desafio 02"]
[Site "http://www.queenalice.com/game.php?id=541618"]
[Date "2009.2.16"]
[Round "-"]
[White "mauricio_sm"]
[Black "Macuei"]
[Result "0-1"]
[WhiteElo "1820"]
[BlackElo "2408"]

1. e4 c5 2. Nf3 Nc6 3. Nc3 e5 4. Bb5 Nd4 5. Nxd4 cxd4 6. Ne2 Nf6 7. d3 Qa5+ 8.
c3 Qxb5 9. cxd4 exd4 10. Nxd4 Qb4+ 11. Qd2 Qxd4 12. Qf4 Qxd3 13. e5 Nd5 14. Qd2
Bb4 0-1

[Event "BH - Defense 01"]
[Site "http://www.queenalice.com/game.php?id=542714"]
[Date "2009.2.19"]
[Round "-"]
[White "Macuei"]
[Black "Nelson"]
[Result "1-0"]
[WhiteElo "2402"]
[BlackElo "2319"]

1. e4 e5 2. Nf3 Nc6 3. Nc3 Nf6 4. Bc4 Bb4 5. Ng5 O-O 6. O-O d6 7. a3 Ba5 8. b4
Bb6 9. Na4 Ng4 10. d3 a6 11. Nxb6 cxb6 12. a4 Nxb4 13. Rb1 a5 14. c3 Nc6 15. Qb3
Ra6 16. Nxf7 Rxf7 17. Bxf7+ Kf8 18. Bc4 Ra7 19. f3 Nf6 20. Be3 Ra8 21. Bxb6 Qd7
22. d4 exd4 23. cxd4 Nb4 24. Rfc1 d5 25. Bb5 Qf7 26. e5 Nd7 27. Bxa5 Nc6 28.
Bb4+ Nxb4 29. Qxb4+ Kg8 30. Qd6 Nf8 31. Rc7 Qg6 32. Rbc1 Bh3 33. Qxd5+ Kh8 34.
R1c2 Bf5 35. Rf2 Be6 36. Qxb7 Rd8 37. Bc4 h5 38. Bxe6 Nxe6 39. Rc6 Rxd4 40. Qb6
Rd1+ 41. Rf1 Rxf1+ 42. Kxf1 Qd3+ 43. Kf2 Qd2+ 44. Kg3 Qf4+ 45. Kf2 Qd2+ 46. Kf1
Nf4 47. Qb5 Qxg2+ 48. Ke1 Qg1+ 49. Qf1 Ng2+ 50. Ke2 Qe3+ 51. Kd1 Qb3+ 52. Kc1
Ne3 53. Rc8+ Kh7 54. Kd2 Nf5 55. Qd3 Qb2+ 56. Qc2 Qxe5 57. Kc1 Qf4+ 58. Qd2 Qxf3
59. Rc3 Qf1+ 60. Kb2 Qa6 61. Qd3 Qb6+ 62. Rb3 Qf2+ 63. Qc2 Qd4+ 64. Ka2 g6 65.
Rb7+ Kh6 66. Qc1+ Qe3 67. Qxe3+ Nxe3 68. a5 Nd5 69. a6 Nc3+ 70. Kb3 Nd5 71. a7
Nf6 72. a8=Q Ng4 73. Qh8+ Kg5 74. Rb5+ Kf4 75. Qd4+ Kf3 76. Rg5 Nxh2 77. Rxg6
Nf1 78. Rf6+ Ke2 79. Qf2+ Kd3 80. Rf3+ Ke4 81. Qxf1 Ke5 82. Qe2+ Kd5 83. Rd3+
Kc6 84. Qc2+ Kb7 85. Qc5 Ka6 86. Kb4 Kb7 87. Rd7+ Ka8 88. Qc6+ Kb8 89. Qb7# 1-0

[Event "BH - Defense 02"]
[Site "http://www.queenalice.com/game.php?id=542715"]
[Date "2009.2.19"]
[Round "-"]
[White "Nelson"]
[Black "Macuei"]
[Result "0-1"]
[WhiteElo "2329"]
[BlackElo "2393"]

1. e4 c5 2. Nf3 Nf6 3. e5 Nd5 4. c4 Nb4 5. a3 N4c6 6. d4 cxd4 7. Nxd4 Nxe5 8.
Bf4 d6 9. Qb3 a6 10. Be2 g6 11. O-O Bg7 12. Nc2 Nbc6 13. Bxe5 Bxe5 14. Bf3 Na5
15. Qa4+ Bd7 16. Qb4 Nc6 17. Qxb7 O-O 18. Bxc6 Bxc6 19. Qxc6 Qb8 20. Nb4 Rc8 21.
Qf3 Rxc4 22. Nd2 Rf4 23. Qe2 Rh4 24. Nf3 Rh5 25. Nxe5 dxe5 26. Nc6 Qd6 27. Rac1
e4 28. Qxe4 Qxh2# 0-1

[Event "BH x BH - jogo 01"]
[Site "http://www.queenalice.com/game.php?id=608054"]
[Date "2009.6.24"]
[Round "-"]
[White "Meirebel"]
[Black "Macuei"]
[Result "0-1"]
[WhiteElo "1922"]
[BlackElo "2391"]

1. e4 Nf6 2. d4 Nxe4 3. Bd3 d5 4. Nf3 Bg4 5. O-O Nc6 6. h3 Bh5 7. Re1 Nxd4 8. g4
Bg6 9. Ne5 Qd6 10. Nxg6 hxg6 11. Bxe4 dxe4 12. Rxe4 O-O-O 13. Bf4 Qf6 14. c3 Ne6
15. Qf3 g5 16. Rb4 c6 17. Qe3 Nxf4 18. Qxa7 Rd1+ 19. Kh2 Rxh3# 0-1

[Event "BH X BH - jogo 02"]
[Site "http://www.queenalice.com/game.php?id=608055"]
[Date "2009.6.24"]
[Round "-"]
[White "Macuei"]
[Black "Meirebel"]
[Result "1-0"]
[WhiteElo "2392"]
[BlackElo "1920"]

1. d4 c5 2. Nf3 e6 3. Bf4 d5 4. c3 Ne7 5. dxc5 Nec6 6. b4 a5 7. Qa4 Bd7 8. b5
Na7 9. Ne5 Bxb5 10. Qb3 Bxc5 11. Nd2 a4 12. Qb2 O-O 13. e3 Bxf1 14. Nxf1 b5 15.
Nd2 Nd7 16. Rd1 Nf6 17. O-O Qe7 18. Bg5 h6 19. Bxf6 gxf6 20. Nd3 Ba3 21. Qb1
Rac8 22. e4 Rxc3 23. exd5 exd5 24. Nf4 Qe5 25. g3 h5 26. h4 Kh8 27. Qa1 Rg8 28.
Nxh5 Bc5 29. Kh1 d4 30. Nf4 Rcxg3 31. fxg3 Rxg3 32. Rde1 Qb8 33. Ne4 Rg4 34. Re2
Rxf4 35. Rff2 Rxf2 36. Rxf2 Qb7 37. Kg1 Qxe4 38. Rg2 d3+ 39. Rf2 Qe3 40. Qxf6+
Kh7 41. Qxf7+ Kh6 42. Qf6+ Kh5 43. Qh8+ Qh6 44. Qe5+ Kg4 45. Qxc5 d2 46. Qd4+
Kh5 47. Rg2 d1=R+ 48. Qxd1+ Kxh4 49. Qg4# 1-0

[Event "O Jogo"]
[Site "http://www.queenalice.com/game.php?id=608766"]
[Date "2009.6.25"]
[Round "-"]
[White "Nelson"]
[Black "Macuei"]
[Result "0-1"]
[WhiteElo "2237"]
[BlackElo "2401"]

1. d4 d5 2. c4 Nf6 3. c5 Bf5 4. Bf4 Nc6 5. Nc3 e6 6. Nb5 Rc8 7. Qa4 Qd7 8. Nf3
a6 9. Nc3 Be7 10. e3 Nh5 11. Be2 Nxf4 12. exf4 O-O 13. O-O h6 14. b4 Ra8 15.
Rfb1 Bxb1 16. Rxb1 Ra7 17. Ne5 Nxe5 18. fxe5 Qxa4 19. Nxa4 f6 20. Bg4 f5 21. Bf3
g5 22. h3 Kg7 23. Rb3 Rh8 24. Nc3 h5 25. Ne2 Raa8 26. Ng3 g4 27. Be2 Raf8 28. b5
f4 29. Nf1 Rh6 30. bxa6 bxa6 31. Bxa6 Ra8 32. Bb7 Rxa2 33. Bc6 Bh4 34. g3 fxg3
35. fxg3 Bg5 36. Rb7 gxh3 37. Rxc7+ Kg6 38. Be8+ Kf5 39. Rf7+ Ke4 40. c6 Rh8 41.
Rg7 Bh6 42. Re7 Ra1 43. c7 Rg8 44. Bb5 Rxg3+ 45. Kh2 Rc3 46. Ng3+ Ke3 47. Kxh3
Kxd4 48. Rh7 Bf4 49. Rg7 Rg1 50. c8=Q Bxg3 51. Qxe6 Bxe5+ 52. Kh4 Rxg7 53. Qb6+
Rc5 54. Kxh5 Rc7 55. Bf1 Ke3 56. Qh6+ Bf4 57. Qe6+ Kd2 58. Qe2+ Kc1 59. Qf3 d4+
60. Kg4 Be3 61. Qa8 Rg5+ 62. Kf3 Rf7+ 63. Ke2 Rf2+ 64. Kd3 Rd2+ 65. Ke4 Rg4+ 66.
Kf3 Rf4+ 67. Kg3 d3 68. Qe8 Rxf1 0-1

[Event "O Jogo II"]
[Site "http://www.queenalice.com/game.php?id=608767"]
[Date "2009.6.25"]
[Round "-"]
[White "Macuei"]
[Black "Nelson"]
[Result "1-0"]
[WhiteElo "2393"]
[BlackElo "2245"]

1. d4 c5 2. Nf3 Nf6 3. Nc3 Nc6 4. Bf4 Qb6 5. Na4 Qa5+ 6. c3 b5 7. Nxc5 d6 8. b4
Qa3 9. Nb3 e6 10. e4 Be7 11. Bxb5 Bb7 12. Bc1 Qa6 13. Bxa6 Bxa6 14. Nbd2 O-O 15.
Qb3 Rfb8 16. a4 Bd3 17. e5 dxe5 18. dxe5 Nd7 19. Bb2 Ndxe5 20. c4 Rxb4 21. Qxb4
Bxb4 22. Nxe5 Nxe5 23. Bxe5 Rd8 24. Bf4 Bxc4 25. h4 Rd4 26. Be3 Rg4 27. Rc1 Re4
28. Kd1 Bxd2 29. Kxd2 g6 30. f3 Rxe3 31. Kxe3 Bd5 32. Kd4 Kg7 33. Rh3 Kf6 34. g4
h6 35. f4 Kg7 36. Rc7 Bg2 37. Re3 h5 38. g5 Kg8 39. Ke5 Kg7 40. Rec3 a5 41. Ra7
Bf1 42. Rcc7 Bb5 43. Rxf7+ Kg8 44. Kf6 Be8 45. Ra8 e5 46. Rxe8# 1-0

[Event "Challenge"]
[Site "http://www.queenalice.com/game.php?id=747679"]
[Date "2010.3.17"]
[Round "-"]
[White "Macuei"]
[Black "Givanildo"]
[Result "1-0"]
[WhiteElo "2406"]
[BlackElo "1452"]

1. e4 e6 2. d4 d5 3. Nc3 c6 4. Bf4 Na6 5. a3 Nf6 6. Qf3 h6 7. e5 Ne4 8. Nxe4
dxe4 9. Qxe4 Nb4 10. axb4 Bxb4+ 11. c3 Be7 12. h4 g5 13. hxg5 Bxg5 14. Nf3 Bxf4
15. Qxf4 Rg8 16. Rxh6 c5 17. Ng5 Rxg5 18. Rh8+ Kd7 19. Rxd8+ Kxd8 20. Qxg5+ Kc7
21. dxc5 Bd7 22. Qe7 Kc6 23. Qd6# 1-0

[Event "Challenge"]
[Site "http://www.queenalice.com/game.php?id=747681"]
[Date "2010.3.17"]
[Round "-"]
[White "Givanildo"]
[Black "Macuei"]
[Result "0-1"]
[WhiteElo "1373"]
[BlackElo "2407"]

1. e3 e5 2. Bc4 d5 3. Bb3 Nf6 4. Ba4+ Nc6 5. Bxc6+ bxc6 6. c3 e4 7. d4 a5 8. Qa4
Bd7 9. Qc2 c5 10. b3 a4 11. b4 c4 12. Ba3 Ng4 13. h3 Nf6 14. g4 Be7 15. g5 Nh5
16. h4 O-O 17. Nd2 f5 18. g6 hxg6 19. Nh3 Bxh4 20. O-O-O f4 21. exf4 Nxf4 22.
Nxf4 Rxf4 23. Rdg1 Bf5 24. Qb2 Bxf2 25. Rf1 e3 26. Nb1 Bd3 27. Rd1 Qg5 28. Nd2
e2 29. Rde1 Bxe1 30. Rxe1 Rf1 31. Rxf1 exf1=R# 0-1

[Event "Challenge"]
[Site "http://www.queenalice.com/game.php?id=749213"]
[Date "2010.3.20"]
[Round "-"]
[White "Thanasis"]
[Black "Macuei"]
[Result "0-1"]
[WhiteElo "1633"]
[BlackElo "2410"]

1. e4 e5 2. Nf3 Nf6 3. Nc3 Bc5 4. d4 exd4 5. Nxd4 O-O 6. g3 Re8 7. Qd3 d5 8. f3
dxe4 9. fxe4 Qxd4 10. Qxd4 Bxd4 11. Bd3 Bxc3+ 0-1

[Event "Challenge"]
[Site "http://www.queenalice.com/game.php?id=751655"]
[Date "2010.3.26"]
[Round "-"]
[White "Macuei"]
[Black "Givanildo"]
[Result "1-0"]
[WhiteElo "2408"]
[BlackElo "1374"]

1. e4 e5 2. Nf3 f6 3. d4 d6 4. Bc4 h6 5. Nc3 c6 6. d5 c5 7. h3 g5 8. Bd2 a6 9.
h4 g4 10. Nh2 g3 11. fxg3 h5 12. Be2 b5 13. Bxh5+ Ke7 14. Bg6 Bh6 15. Ng4 Bxd2+
16. Kxd2 b4 17. Na4 Bd7 18. b3 c4 19. Kc1 Bxa4 20. bxa4 Qa5 21. Qd2 c3 22. Qf2
Nd7 23. Qf5 Nc5 24. Rf1 Qxa4 25. Nxf6 Rf8 26. Nxg8+ Kd8 27. Qxf8+ Kc7 28. Kb1
Kb7 29. Qxd6 Rxg8 30. Qc6+ Qxc6 31. dxc6+ Kxc6 32. Rf6+ Kb5 33. h5 a5 34. h6 Rd8
35. Kc1 Rd2 36. h7 Rxg2 37. Bh5 Nxe4 38. Rf5 Rg1+ 39. Bd1 Nxg3 40. Rxe5+ Ka4 41.
h8=Q Nf1 42. Qe8+ Ka3 43. Rxa5# 1-0

[Event "Challenge"]
[Site "http://www.queenalice.com/game.php?id=751656"]
[Date "2010.3.26"]
[Round "-"]
[White "Givanildo"]
[Black "Macuei"]
[Result "0-1"]
[WhiteElo "1372"]
[BlackElo "2409"]

1. d4 d5 2. Bf4 Nc6 3. c3 Nf6 4. f3 h6 5. b4 a6 6. a4 e6 7. g4 Bd6 8. Be5 Nxe5
9. dxe5 Bxe5 10. e4 dxe4 11. Qxd8+ Kxd8 12. Be2 Bd7 13. Nd2 Bxc3 14. Ra2 Bxb4
15. fxe4 Nxe4 16. Nf3 Nc3 17. Rb2 a5 18. O-O Nxe2+ 19. Kh1 Bc6 20. Nc4 f6 21.
Rxe2 e5 22. Rd1+ Ke7 23. Nxe5 fxe5 24. Rxe5+ Kf6 25. Rf5+ Kg6 26. Kg2 h5 27. h3
Rad8 28. Rg5+ Kf7 29. Rf5+ Ke8 30. Rf1 Rd2+ 31. Kg3 h4+ 32. Nxh4 Bd6+ 33. R5f4
Bxf4+ 34. Rxf4 g5 35. Rf1 gxh4+ 36. Kf4 Rf8+ 37. Ke3 Rd3+ 38. Kxd3 Rxf1 39. Ke2
Rh1 40. g5 Bxa4 41. Kf2 Rxh3 42. g6 Rg3 43. g7 Bc6 44. g8=Q+ Rxg8 45. Ke3 h3 46.
Kf4 h2 47. Kf5 h1=R 48. Ke6 Rf1 49. Ke5 Ke7 0-1

[Event "Challenge"]
[Site "http://www.queenalice.com/game.php?id=754459"]
[Date "2010.3.31"]
[Round "-"]
[White "Macuei"]
[Black "Givanildo"]
[Result "1-0"]
[WhiteElo "2411"]
[BlackElo "1360"]

1. e4 e5 2. Nf3 f6 3. Nc3 c6 4. d4 Bb4 5. Bd2 exd4 6. Nxd4 Bxc3 7. Bxc3 b5 8. a4
a5 9. axb5 c5 10. Nb3 d5 11. Nxc5 h5 12. Qxd5 Qxd5 13. exd5 Ne7 14. d6 Nd5 15.
Rxa5 Ba6 16. bxa6 Nc6 17. Bb5 Nxc3 18. Bxc6+ Kf7 19. Bxa8 Re8+ 20. Kd2 Ne2 21.
d7 Rxa8 22. Kxe2 Ke7 23. Rd1 Rd8 24. a7 f5 25. a8=Q Rxa8 26. Rxa8 g5 27. d8=Q+
Kf7 28. Rd6 f4 29. Qf6# 1-0

[Event "Challenge"]
[Site "http://www.queenalice.com/game.php?id=754461"]
[Date "2010.3.31"]
[Round "-"]
[White "Givanildo"]
[Black "Macuei"]
[Result "1-0"]
[WhiteElo "1405"]
[BlackElo "2412"]

1. e4 e5 2. Bc4 Bc5 3. d3 Nf6 4. g4 d5 5. exd5 Nxg4 6. Be3 Bxe3 7. Qe2 Qf6 8.
fxe3 Qh4+ 9. Kd2 Nf2 10. Nf3 Bg4 11. Nxh4 Bxe2 12. Rg1 Bh5 13. Rxg7 Bg6 14. d6
Kf8 15. Nf5 Bxf5 16. Rxf7+ Ke8 17. Rxf5 Ng4 18. Bf7+ Kd7 19. Bh5 Rg8 20. Rf7+
Kxd6 21. Bxg4 Rxg4 22. Rxh7 Nc6 23. a3 Rf8 24. Rh6+ Kd7 25. Kc3 Rf1 26. Rh7+ Ne7
27. e4 Rgg1 28. Rh5 Ng6 29. b4 Rxb1 30. Rh7+ Ne7 31. Ra2 Rh1 32. a4 Rbf1 33. b5
Rf2 34. a5 Rfxh2 35. Rf7 Rh4 36. a6 b6 37. Kc4 Rf4 38. Rg7 Rf2 39. Rg5 Kd6 40.
d4 exd4 41. e5+ Ke6 42. Kxd4 Rf5 43. Rg4 Rxe5 44. c4 Rhe1 45. Rd2 c5+ 46. Kc3
R5e4 47. Rg3 Rc1+ 48. Kb2 Rcxc4 49. Rdd3 Rb4+ 50. Ka3 Rxb5 51. Rh3 c4 52. Rh6+
Ke5 53. Ka4 Ra5+ 54. Kb4 cxd3+ 55. Kc3 Ra3+ 56. Kb2 1-0

[Event "Challenge"]
[Site "http://www.queenalice.com/game.php?id=767950"]
[Date "2010.4.29"]
[Round "-"]
[White "Macuei"]
[Black "Givanildo"]
[Result "1-0"]
[WhiteElo "2395"]
[BlackElo "1449"]

1. e4 e5 2. Nf3 d6 3. Bc4 Nh6 4. d3 a6 5. a3 b5 6. Bb3 Bg4 7. Nc3 c6 8. h3 Bxf3
9. Qxf3 f6 10. Bxh6 gxh6 11. Qh5+ Ke7 12. Qf7# 1-0

[Event "Challenge"]
[Site "http://www.queenalice.com/game.php?id=767951"]
[Date "2010.4.29"]
[Round "-"]
[White "Givanildo"]
[Black "Macuei"]
[Result "0-1"]
[WhiteElo "1405"]
[BlackElo "2396"]

1. e4 e5 2. d4 exd4 3. Qxd4 Nc6 4. Qd1 Nf6 5. Bd3 Bc5 6. Nh3 O-O 7. e5 Nxe5 8.
Ng5 Re8 9. Bxh7+ Nxh7 10. h4 Nf3+ 11. Kf1 Re1+ 12. Qxe1 Nxe1 13. Kxe1 Qf6 14.
Nd2 Qxf2+ 15. Kd1 d5 16. Nh3 Qxg2 17. Rf1 Bg4+ 18. Ke1 Re8+ 19. Ne4 Qe2# 0-1

[Event "Challenge"]
[Site "http://www.queenalice.com/game.php?id=767953"]
[Date "2010.4.29"]
[Round "-"]
[White "Macuei"]
[Black "Givanildo"]
[Result "1-0"]
[WhiteElo "2397"]
[BlackElo "1547"]

1. d4 d5 2. c4 dxc4 3. Nc3 c6 4. e4 b5 5. Nf3 f6 6. d5 cxd5 7. exd5 Bg4 8. Nxb5
e6 9. Bxc4 exd5 10. Bxd5 Bb4+ 11. Nc3 Ne7 12. Bxa8 Bxf3 13. Bxf3 Qc7 14. Qa4+
Nbc6 15. Bd2 Qe5+ 16. Ne2 Bxd2+ 17. Kxd2 Qxb2+ 18. Qc2 Qb4+ 19. Qc3 Qd6+ 20. Ke1
O-O 21. Rd1 Qb4 22. Bxc6 Nxc6 23. Qxb4 Nxb4 24. Rd2 Rb8 25. f3 Re8 26. Kf2 g6
27. Rb1 Nc6 28. Rd6 Ne5 29. Rb3 Nc4 30. Rxf6 a5 31. Ra6 Re5 32. Rc3 Nd2 33. Rc7
Re8 34. Rxa5 Rf8 35. Raa7 Ne4+ 36. Ke3 Nf6 37. Nf4 Re8+ 38. Kd4 g5 39. Rg7+ Kh8
40. Rxg5 Re4+ 41. fxe4 Nxe4 42. Re5 Ng5 43. Re8# 1-0